000 00479nam a22001577a 4500
999 _c9294
_d9294
008 210401b ||||| |||| 00| 0 eng d
040 _aBMS College of Architecture
100 _aSultana, Farzana
245 _aPaediatric hospital Bangalore
300 _a55p.
500 _a1BM99AT010
502 _8B.Arch
_NBMS College of Architecture, Visvesvaraya Technological University
_aProject report
_d2003
650 _aHospital
700 _aShridhar Rajan
_eGuide
942 _2ddc
_cTHE